000 00486nam a22001817a 4500
005 20230905190721.0
008 230720b |||||||| |||| 00| 0 eng d
020 _a9780070043121
082 _a693.1
_bBEA-M
100 _aBEAL, CHRISTINE
245 _aMASONRY DESIGN AND DESIGN
_b FOR ARCHITECTS, ENGINEERS, AND CONTRACTORS
260 _aUSA
_bMcGraw Hill
_c1993
300 _a536
500 _ainclude index
650 _aArchitecture
700 _aCHRISTINE BEALL
999 _c33092
_d33092